000 01905nam a22004577a 4500
001 671
005 20240115144356.0
020 _a9781416937999 (pbk.)
020 _a1416937994 (pbk.)
040 _aBTCTA
_cBTCTA
_dBAKER
_dIFA
_dDLC
_beng
050 0 0 _aPZ7.P269367
_bAt 2007
082 0 0 _a[E]
_222
100 1 _aPass, Erica.
245 1 0 _aAtlantis SquarePantis /
_cadapted by Erica Pass ; illustrated by The Artifact Group.
260 _aNew York :
_bNickelodeon,
_c2007.
300 _a24 unnumbered pages :
_bcolor illustrations ;
_c21 cm.
490 1 _aSpongeBob SquarePants ;
_vBook 16
500 _a"Based on the teleplay by Dani Michaeli and Steven Banks."
500 _a"Based on the TV series SpongeBob SquarePants created by Stephen Hillenburg as seen on Nickelodeon"--T.p. verso.
505 _aH
520 _aAfter discovering the missing half of an ancient amulet, SpongeBob and his friends find themselves in the lost city of Atlantis. There SpongeBob and Patrick take a picture with the World's Oldest Living Bubble--and then it pops! Now the two are in big trouble...
521 _a500
_bLexile estimate
521 _aJ
_bRaz-Plus
650 0 _aMarine animals
_vJuvenile fiction.
650 0 _aBubbles
_vJuvenile fiction.
650 0 _aAtlantis (Legendary place)
_vJuvenile fiction.
650 0 _aHumorous stories
_vJuvenile literature.
650 1 _aMarine animals
_vFiction.
650 1 _aAtlantis (Legendary place)
_vFiction.
650 1 _aBubbles
_vFiction.
650 1 _aHumorous stories.
650 7 _aMarine animals
_vFiction.
_2sears
650 7 _aAtlantis (Legendary place)
_vFiction.
_2sears
650 7 _aBubbles
_vFiction.
_2sears
650 7 _aHumorous fiction.
_2sears
700 1 _aMichaeli, Dani.
700 1 _aBanks, Steven,
_d1954-
700 1 _aHillenburg, Stephen.
906 _a7
_bcbc
_ccopycat
_d2
_encip
_f20
_gy-gencatlg
942 _2ddc
_cBK
_n0
999 _c671
_d671